[Event "Hamadan Iran op 11th"]
[Site "Hamadan"]
[Date "2012.07.11"]
[Round "1"]
[White "Jamali, Mehrdad"]
[Black "Hosseinipour, Mehdi"]
[Result "0-1"]
[WhiteElo "1736"]
[BlackElo "2257"]
[PlyCount "70"]
[EventDate "2012.07.11"]
[EventType "swiss"]
[EventRounds "11"]
[EventCountry "IRI"]
[SourceTitle "CBM 149 Extra"]
[Source "ChessBase"]
[SourceDate "2012.08.24"]
[SourceVersion "1"]
[SourceVersionDate "2012.08.24"]
[SourceQuality "1"]

1. d4 Nf6 2. e3 c5 3. c3 Qc7 4. Nf3 d6 5. Bd3 g6 6. Nbd2 Bg7 7. 0-0 0-0 8. Re1 e5 9. h3 Nc6 10. Qc2 Bd7 11. b3 b6 12. Bb2 Rac8 13. Rec1 Qb8 14. Qd1 Rfe8 15. e4 Nh5 16. dxc5 dxc5 17. a3 Rcd8 18. Qc2 Qc8 19. Bf1 Nf4 20. Kh2 Bh6 21. Rd1 Nxh3 22. Nc4 Bg4 23. Rxd8 Rxd8 24. Bc1 Bxc1 25. Rxc1 Bxf3 26. gxh3 Qe6 27. Be2 Qf6 28. Bxf3 Qxf3 29. Ne3 Ne7 30. Rd1 Rxd1 31. Nxd1 Kg7 32. Ne3 Ng8 33. Nc4 Nf6 34. Nd6 Nh5 35. Qb1 Qxf2+ 0-1